Soccer General Knowledge - Statistics

General Stats
  • This quiz has been taken 490 times
  • The average score is 5 of 15
Answer Stats
Hint Answer % Correct
Where do AC Milan Play? San Siro
89%
Where Do Inter Milan play? San Siro
89%
Where was George Weah From? Liberia
70%
What is Roy Keanes first name? Roy
64%
What nationality is Diego Costa? Spanish
62%
What football manager is known as 'the special one'? Jose Mourinho
61%
Where is Ryad Boudebouz from? Algeria
42%
What famous footballer was from Gurnsey and played for Southampton? Matt Le Tissier
20%
Who is the most expensive English footballer? Andy Carroll
11%
What nationality is Gelson Fernandes? Switzerland
11%
What was Roger Milla famous for doing? Celebrating
8%
Who is the most decorated footballer ever? Lionel Messi
6%
Who got the fastest yellow card in english football history? Vinnie Jones
5%
Which footballer previously of Leeds United is openly gay? Robbie Rogers
4%
Where do Shaktar Donetsk play? The Donbass Arena
1%
No matching quizzes found
Score Distribution
Percent of People with Each Score
Percentile by Number Answered
Your Score History
You have not taken this quiz